000 00413nam a2200157 a 4500
005 20140310183322.0
008 060309s19uu xx 00 eng d
020 _a0671460471
050 _aPZ 7
_b.P748 1985
100 _aPohl, Frederik
245 _aThe years of the city /
_cFrederik Pohl.
260 _aNew York :
_bPocket Books,
_c1985.
300 _a376 p. :
_c17 cm.
942 _cBK
_2lcc
999 _c21439
_d21439